[Event "19th TCh-RUS 2012"]
[Site "Sochi RUS"]
[Date "2012.04.10"]
[Round "2"]
[White "Pogosian, Georgy"]
[Black "Isajevsky, Anton"]
[Result "1-0"]
[WhiteTitle "FM"]
[BlackTitle "FM"]
[WhiteElo "2201"]
[BlackElo "2426"]
[WhiteTeam "Atom, Desnogorsk"]
[BlackTeam "Nezhmetdinov Chess School, Kazan"]
[WhiteFideId "4119088"]
[BlackFideId "4142500"]
[EventDate "2012.04.09"]

1. d4 Nf6 2. c4 e6 3. Nc3 Bb4 4. e3 c5 5. Ne2 b6 6. a3 Ba5 7. Rb1 Na6 8. g3 Bb7
9. d5 b5 10. Bg2 bxc4 11. O-O O-O 12. e4 d6 13. Qa4 exd5 14. exd5 Ng4 15. b3 Bb6
16. bxc4 Nc7 17. Bf4 h6 18. h3 Nf6 19. g4 Bc8 20. Ng3 Nfe8 21. Qc2 Qf6 22. Bd2
Bd7 23. Nce2 Qd8 24. f4 Qc8 25. f5 Qa6 26. f6 Nxf6 27. Rxf6 gxf6 28. Nh5 Ne8 29.
Neg3 Bd8 30. Nf5 Bxf5 31. Qxf5 Ng7 32. Nxf6+ Bxf6 33. Qxf6 Ne8 34. Qc3 f5 35.
Bxh6 Rf6 36. g5 Rg6 37. h4 Qc8 38. h5 Rxh6 39. gxh6 Qd7 40. Re1 Kh7 41. Re6 Qf7
42. Qg3 Nf6 43. Qxd6 1-0

[Event "19th TCh-RUS 2012"]
[Site "Sochi RUS"]
[Date "2012.04.13"]
[Round "5"]
[White "Pogromsky, Mikhail"]
[Black "Pogonina, Natalija"]
[Result "1/2-1/2"]
[WhiteTitle "IM"]
[BlackTitle "WGM"]
[WhiteElo "2435"]
[BlackElo "2449"]
[WhiteTeam "Polytechnik, Nizhniy Tagil"]
[BlackTeam "Rakita Chess Club, Belgorod Region"]
[WhiteFideId "4184688"]
[BlackFideId "4147855"]
[EventDate "2012.04.09"]

1. d4 Nf6 2. c4 e6 3. Nc3 Bb4 4. Qc2 d5 5. a3 Bxc3+ 6. Qxc3 O-O 7. Bg5 c5 8.
cxd5 cxd4 9. Qxd4 Nc6 10. Qh4 exd5 11. Nf3 Re8 12. Bxf6 gxf6 13. Rd1 Bf5 14. e3
Qa5+ 15. Rd2 d4 16. Qxf6 dxe3 17. Qg5+ Bg6 18. fxe3 Ne5 19. Kf2 h6 20. Qf4 Nxf3
21. b4 Qxa3 22. gxf3 Rad8 23. Rxd8 Rxd8 24. Be2 Qb2 25. Qxh6 Rd2 26. Re1 Qxb4
27. Rc1 Qf8 28. Qg5 Kh7 29. Rc4 Qd6 30. Qh4+ Kg7 31. Rc8 Bh7 32. Qg5+ Bg6 33.
Qh4 Bh7 34. Qg5+ Bg6 35. Qh4 Bh7 1/2-1/2

[Event "19th TCh-RUS 2012"]
[Site "Sochi RUS"]
[Date "2012.04.13"]
[Round "5"]
[White "Sjugirov, Sanan"]
[Black "Khenkin, Igor"]
[Result "1/2-1/2"]
[WhiteTitle "GM"]
[BlackTitle "GM"]
[WhiteElo "2610"]
[BlackElo "2632"]
[WhiteTeam "EGU-Perspektiva, Lipetsk"]
[BlackTeam "DFU, Vladivostok"]
[WhiteFideId "4189302"]
[BlackFideId "4659600"]
[EventDate "2012.04.09"]

1. e4 c6 2. d4 d5 3. e5 c5 4. dxc5 e6 5. Nf3 Bxc5 6. Bd3 Nc6 7. c3 Bb6 8. Qe2
Nge7 9. Bf4 Ng6 10. Bg3 Nce7 11. Na3 h5 12. h3 Bd7 13. O-O Nf5 14. Bxf5 exf5 15.
Rad1 Qe7 16. Qd2 O-O 17. Bf4 Rfe8 18. Rfe1 Ba4 19. Rc1 Bc7 20. Nc2 Bxc2 21. Rxc2
Qd7 22. Bg3 h4 23. Bh2 f4 24. Bxf4 Qf5 25. Bh2 Bxe5 26. Bxe5 Nxe5 27. Nxe5 Rxe5
28. Rxe5 Qxe5 29. Qe2 Re8 30. Qxe5 Rxe5 31. Kf1 Kf8 32. Rd2 Ke7 33. Rd4 g5 34.
f4 gxf4 35. Rxf4 Rh5 36. Kf2 a5 37. Kf3 Ke6 38. a3 b6 39. Kg4 Re5 40. Rf2 Re4+
41. Kg5 b5 42. Rf6+ Ke7 43. Rb6 Re2 44. Rxb5 Rxg2+ 45. Kxh4 Ke6 46. a4 f5 47.
Rxa5 Rxb2 48. Ra8 Rc2 49. a5 Rxc3 50. a6 Rc7 51. Kg5 d4 52. a7 Re7 53. Kf4 d3
54. Ke3 Ke5 55. Kxd3 Kf4 56. h4 Kf3 57. Kd4 f4 58. h5 Kf2 59. h6 f3 60. Kd5 Kf1
61. Rf8 Rxa7 62. Rxf3+ Kg2 63. Rf6 Kg3 64. Rg6+ Kf4 65. Ke6 Rb7 66. Kf6 Rh7 67.
Ke6 Ra7 68. h7 Rxh7 1/2-1/2

[Event "19th TCh-RUS 2012"]
[Site "Sochi RUS"]
[Date "2012.04.13"]
[Round "5"]
[White "Frolyanov, Dmitry"]
[Black "Grishchenko, Sergey1"]
[Result "1-0"]
[WhiteTitle "GM"]
[BlackTitle "FM"]
[WhiteElo "2556"]
[BlackElo "2498"]
[WhiteTeam "Zhiguli, Samara Region"]
[BlackTeam "Atom, Desnogorsk"]
[WhiteFideId "4151976"]
[BlackFideId "4136730"]
[EventDate "2012.04.09"]

1. e4 c6 2. d4 d5 3. e5 c5 4. dxc5 e6 5. Nf3 Bxc5 6. Bd3 Ne7 7. O-O Nbc6 8. a3
Ng6 9. b4 Bb6 10. Bb2 Nf4 11. c4 a6 12. Nc3 Bc7 13. Ne2 dxc4 14. Nxf4 cxd3 15.
Qb3 Bd7 16. Nh5 O-O 17. Qxd3 Be8 18. Qc4 Nxe5 19. Nxe5 Bxe5 20. Bxe5 Qg5 21.
Bxg7 Bb5 22. Qc5 1-0

[Event "19th TCh-RUS 2012"]
[Site "Sochi RUS"]
[Date "2012.04.13"]
[Round "5"]
[White "Nakhapetiane, Pogos"]
[Black "Geller, Jakov"]
[Result "1/2-1/2"]
[WhiteTitle "FM"]
[BlackTitle "GM"]
[WhiteElo "2504"]
[BlackElo "2544"]
[WhiteTeam "Atom, Desnogorsk"]
[BlackTeam "Zhiguli, Samara Region"]
[WhiteFideId "4166728"]
[BlackFideId "4151984"]
[EventDate "2012.04.09"]

1. e4 e5 2. Nf3 Nc6 3. d4 exd4 4. Nxd4 Nf6 5. Nxc6 bxc6 6. e5 Qe7 7. Qe2 Nd5 8.
c4 Ba6 9. b3 g6 10. f4 d6 11. Bb2 Bg7 12. Qf2 Nf6 13. Be2 dxe5 14. Ba3 Ne4 15.
Qf3 Qe6 16. Nc3 Nxc3 17. Qxc3 O-O-O 18. O-O Bb7 19. Rae1 Kb8 20. Bf3 Rhe8 21.
Bb2 f6 22. fxe5 fxe5 23. Be4 Bh6 24. Re2 c5 25. Bxb7 Kxb7 26. Rxe5 Qxe5 27. Qxe5
Rxe5 28. Bxe5 Be3+ 29. Kh1 Rd2 30. h3 Bd4 31. Bxd4 cxd4 32. Rf4 Kc6 33. b4 Kd6
34. c5+ Ke5 35. Rf7 Rxa2 36. Rxc7 d3 37. Rd7 d2 38. Kh2 Kf4 39. b5 Ke3 40. b6
Rb2 41. bxa7 Ra2 42. Re7+ 1/2-1/2

[Event "19th TCh-RUS 2012"]
[Site "Sochi RUS"]
[Date "2012.04.13"]
[Round "5"]
[White "Gordievsky, Dmitry"]
[Black "Vdovytchenko, Sergey"]
[Result "1-0"]
[WhiteElo "2397"]
[BlackElo "1953"]
[WhiteTeam "Orienta, Moscow"]
[BlackTeam "Belogorie, Belgorod Region"]
[WhiteFideId "24112798"]
[BlackFideId "24181846"]
[EventDate "2012.04.09"]

1. d4 Nf6 2. c4 g6 3. Nf3 Bg7 4. g3 d6 5. Bg2 O-O 6. O-O c6 7. Na3 Na6 8. h3 Nc7
9. e4 Nd7 10. Be3 c5 11. Qd2 cxd4 12. Nxd4 Ne5 13. b3 Ne6 14. Ne2 Nc5 15. f4 Nc6
16. e5 Qc7 17. Rad1 Nd7 18. Nb5 Qa5 19. Qxa5 Nxa5 20. exd6 exd6 21. Nc7 1-0

[Event "19th TCh-RUS 2012"]
[Site "Sochi RUS"]
[Date "2012.04.13"]
[Round "5"]
[White "Mironova, Natalia"]
[Black "Kurukin, Dmitry"]
[Result "0-1"]
[WhiteElo "1817"]
[BlackElo "2375"]
[WhiteTeam "Belogorie, Belgorod Region"]
[BlackTeam "Orienta, Moscow"]
[WhiteFideId "4110935"]
[BlackFideId "24113174"]
[EventDate "2012.04.09"]

1. e4 g6 2. d4 Bg7 3. Nf3 d6 4. Bd3 Nf6 5. O-O O-O 6. Re1 Nc6 7. c3 e5 8. dxe5
dxe5 9. Bg5 h6 10. Bh4 Qe8 11. Na3 Be6 12. Qd2 Rd8 13. Rad1 g5 14. Bg3 Nh5 15.
Qc2 Qe7 16. b4 a5 17. b5 Nxg3 18. bxc6 Qxa3 19. hxg3 bxc6 20. Re2 Rd7 21. c4
Rfd8 22. Ne1 Bf8 23. Rb1 a4 24. Rd1 Bb4 25. Re3 Bxe1 26. Be2 Qb4 27. Rxd7 Rxd7
28. a3 Qa5 29. Bh5 Rd2 0-1